000 00299nam a2200109Ia 4500
008 230907s9999||||xx |||||||||||||| ||und||
082 _a621.3813
_bBEN
100 _aBenford, James.
_9115462
245 0 _aHigh power microwaves /
300 _axiv pages, 2 unnumbered leaves, 453 pages :
942 _cBK
999 _c598451
_d598451